| 000 -LEADER |
| fixed length control field |
01378cam a2200337 a 4500 |
| 001 - CONTROL NUMBER |
| control field |
3064517 |
| 003 - CONTROL NUMBER IDENTIFIER |
| control field |
Nust |
| 005 - DATE AND TIME OF LATEST TRANSACTION |
| control field |
20220929120357.0 |
| 008 - FIXED-LENGTH DATA ELEMENTS--GENERAL INFORMATION |
| fixed length control field |
961001s1996 nyua 000 1 eng |
| 010 ## - LIBRARY OF CONGRESS CONTROL NUMBER |
| LC control number |
96203957 |
| 020 ## - INTERNATIONAL STANDARD BOOK NUMBER |
| International Standard Book Number |
9780140186215 |
| 040 ## - CATALOGING SOURCE |
| Original cataloging agency |
DLC |
| Transcribing agency |
DLC |
| Modifying agency |
DLC |
| 041 1# - LANGUAGE CODE |
| Language code of text/sound track or separate title |
eng |
| Language code of original |
ger |
| 050 00 - LIBRARY OF CONGRESS CALL NUMBER |
| Classification number |
PT2621.A26 |
| Item number |
A2313 1996 |
| 082 00 - DEWEY DECIMAL CLASSIFICATION NUMBER |
| Classification number |
833.912 |
| Author Mark |
KAF |
| 100 1# - MAIN ENTRY--PERSONAL NAME |
| Personal name |
Kafka, Franz, |
| Dates associated with a name |
1883-1924. |
| 9 (RLIN) |
7186 |
| 240 10 - UNIFORM TITLE |
| Uniform title |
Amerika. |
| Language of a work |
English |
| 245 10 - TITLE STATEMENT |
| Title |
A Man Who Disappeared (Amerika) / |
| Statement of responsibility, etc. |
Franz Kafka ; foreword by E.L. Doctorow ; preface by Klaus Mann ; afterword by Max Brod ; translated by Willa and Edwin Muir ; illustrations by Emlen Etting. |
| 260 ## - PUBLICATION, DISTRIBUTION, ETC. |
| Place of publication, distribution, etc. |
New York : |
| Name of publisher, distributor, etc. |
Schocken Books, |
| Date of publication, distribution, etc. |
1996. |
| 300 ## - PHYSICAL DESCRIPTION |
| Extent |
xxxii, 216 p. : |
| Dimensions |
21 cm. |
| 650 ## - SUBJECT ADDED ENTRY--TOPICAL TERM |
| Topical term or geographic name entry element |
United States |
| General subdivision |
Fiction |
| 9 (RLIN) |
99058 |
| 655 #7 - INDEX TERM--GENRE/FORM |
| Genre/form data or focus term |
Humorous stories. |
| Source of term |
gsafd |
| 9 (RLIN) |
11259 |
| 700 1# - ADDED ENTRY--PERSONAL NAME |
| Personal name |
Muir, Willa, |
| Dates associated with a name |
1890-1970. |
| 9 (RLIN) |
99059 |
| 700 1# - ADDED ENTRY--PERSONAL NAME |
| Personal name |
Muir, Edwin, |
| Dates associated with a name |
1887-1959. |
| 9 (RLIN) |
99060 |
| 700 1# - ADDED ENTRY--PERSONAL NAME |
| Personal name |
Etting, Emlen, |
| Dates associated with a name |
1905-1993. |
| 9 (RLIN) |
99061 |
| 856 42 - ELECTRONIC LOCATION AND ACCESS |
| Materials specified |
Contributor biographical information |
| Uniform Resource Identifier |
<a href="http://www.loc.gov/catdir/enhancements/fy1302/96203957-b.html">http://www.loc.gov/catdir/enhancements/fy1302/96203957-b.html</a> |
| 856 42 - ELECTRONIC LOCATION AND ACCESS |
| Materials specified |
Publisher description |
| Uniform Resource Identifier |
<a href="http://www.loc.gov/catdir/enhancements/fy1302/96203957-d.html">http://www.loc.gov/catdir/enhancements/fy1302/96203957-d.html</a> |
| 906 ## - LOCAL DATA ELEMENT F, LDF (RLIN) |
| a |
7 |
| b |
rip |
| c |
orignew |
| d |
2 |
| e |
ncip |
| f |
19 |
| g |
y-gencatlg |
| 942 ## - ADDED ENTRY ELEMENTS (KOHA) |
| Source of classification or shelving scheme |
|
| Koha item type |
Book |